000 00526nam a2200181Ia 4500
999 _c15212
_d15212
003 OSt
005 20200226150259.0
008 190216s9999||||xx |||||||||||||| ||und||
020 _a9788182673922
040 _coclc
082 _a923.1
_bKUR/N
100 _aKurup, K K N
_d1939- author.
_91879
245 0 _aNawab Tippu Sulthan Oru Padanam /
_cK K N Kurup
260 _bMathrubhumi Books,
_c2017.
_aKozhikode:
300 _a184p
650 _xBiography
942 _cBK
_2ddc
_h923.1
_iKUR/N
_k923.1
_mKUR/N